000 00912nas a2200277 4500
001 BR2013004748
003 BR-BrBNA
005 20231205122510.0
007 ta
008 230509b bl.|||p| |||| 00| 00por d
040 _aBR-BrBNA
_bpor
_cBiblioteca Nacional de Agricultura
041 _a(Pt)
072 _aP33; N20
100 1 _aStolf, R.
100 1 _aMurakami, J.H.
100 1 _aManiero, M.A.
100 1 _aSoares, M.R.
100 1 _aSilva, L.C.F. da
245 1 _aIncorporação de régua para medida de profundidade no projeto do penetrômetro de impacto Stolf
650 _aANÁLISE DO SOLO
650 _aEQUIPAMENTO AGRÍCOLA
773 0 _tRevista Brasileira de Ciência do Solo (Brazil)
_xISSN 0100-0683
_g(Oct-Nov 2012), v. 36(5) p. 1476-1482
_wBR2013004748
856 4 0 _uhttp://www.scielo.br/pdf/rbcs/v36n5/11.pdf
909 _a202311
_bLúcia
_c55
_dLúcia Elande
942 _2AGRIS
_n0
_cANA
999 _c228967
_d228967